00571nam a2200193Ia 4500008004100000020002400041040001900065041001200084082002800096100002300124245006500147260004800212300002100260440002200281504001900303650002000322700001400342850002100356131103s9999 xx 000 0 und d a70601682cRs.285.00 aLoreto College aEnglish a005.73/LIPbLCLIB/48214 aLipschutz, Seymour aData structurescSeymour Lipschutz and G A Vijayalakshmi Pai aNew DelhibTata McGraw-Hill Educationc2006 axiv,462p c 22cm aSchaum's outlines aIncludes index aData structures aPai,G A V aLCLIB/005.73/LIP